[Event "VIE-ch U15"]
[Site "Hanoi"]
[Date "2022.06.12"]
[Round "2"]
[White "Ho, Tan Minh Dang"]
[Black "Bui, Dang Khoa"]
[Result "0-1"]
[WhiteElo "2324"]
[BlackElo "2315"]
[PlyCount "86"]
[EventDate "2022.06.11"]
[EventType "swiss"]
[EventRounds "9"]
[EventCountry "VIE"]
[SourceTitle "EXT 2023"]
[Source "ChessBase"]
[SourceDate "2022.10.05"]
[SourceVersion "1"]
[SourceVersionDate "2022.10.05"]
[SourceQuality "1"]

1. e4 c5 2. Nf3 e6 3. d4 cxd4 4. Nxd4 a6 5. c4 Nf6 6. f3 Qb6 7. e5 Qa5+ 8. Nc3 Qxe5+ 9. Be2 Bb4 10. f4 Qd6 11. Be3 Nc6 12. 0-0 0-0 13. Nf3 Qxd1 14. Raxd1 Bxc3 15. bxc3 d5 16. Ne5 Nxe5 17. fxe5 Ne4 18. Rc1 b5 19. c5 Bb7 20. Bd3 Rac8 21. Bxe4 dxe4 22. Rcd1 Bd5 23. a3 Bc4 24. Rf2 Bd3 25. Ra1 Rb8 26. Rb2 h6 27. Rb4 Rfd8 28. Kf2 Rd5 29. Bd4 a5 30. Rb2 a4 31. Rc1 Kf8 32. Ke3 Rc8 33. Rf2 Ke7 34. g4 Rcxc5 35. Bxc5+ Rxc5 36. Rb2 Rxe5 37. Rb4 g5 38. h4 f5 39. hxg5 hxg5 40. Rh1 f4+ 41. Kf2 e3+ 42. Kf3 Bc4 43. Rhb1 Bd5+ 0-1

[Event "VIE-ch U13"]
[Site "Hanoi"]
[Date "2020.??.??"]
[Round "1"]
[White "Nguy?n, Nghia Gia An"]
[Black "Bui, Dang Khoa"]
[Result "1-0"]
[WhiteElo "1546"]
[BlackElo "2320"]
[PlyCount "113"]
[EventDate "2020.10.22"]
[EventType "tourn"]
[EventRounds "9"]
[EventCountry "VIE"]
[SourceTitle "EXT 2022"]
[Source "ChessBase"]
[SourceDate "2021.10.06"]
[SourceVersion "1"]
[SourceVersionDate "2021.10.06"]
[SourceQuality "1"]

1. e4 c5 2. c3 d5 3. exd5 Qxd5 4. Nf3 Nf6 5. d4 Nc6 6. Be3 Bg4 7. Be2 e6 8. Na3 cxd4 9. Nb5 Qd7 10. Nbxd4 Be7 11. 0-0 Nxd4 12. Bxd4 0-0 13. h3 Bf5 14. Qb3 Ne4 15. Rad1 Qc7 16. Be5 Bd6 17. Rxd6 Nxd6 18. Rd1 Rfd8 19. Qa3 f6 20. Bxd6 Qc6 21. Bc5 b6 22. Be3 Rxd1+ 23. Bxd1 e5 24. Qe7 Qd7 25. Bb3+ Kh8 26. Qb4 Rd8 27. Qh4 Qd3 28. Kh2 Qd6 29. Qg3 a5 30. a4 Qc6 31. Nh4 Be4 32. Qg4 Bd3 33. Nf5 Bxf5 34. Qxf5 g6 35. Qe6 Qxe6 36. Bxe6 Rd6 37. Ba2 f5 38. g3 Kg7 39. b4 Kf6 40. bxa5 bxa5 41. c4 g5 42. c5 Rd3 43. c6 Rc3 44. Bd5 f4 45. gxf4 gxf4 46. Bb6 Ke7 47. c7 Kd6 48. Bb7 Rxc7 49. Bxc7+ Kxc7 50. Be4 h6 51. Kg2 Kd6 52. Kf3 Kc5 53. Kg4 Kb4 54. Kf5 Kxa4 55. Kxe5 Kb4 56. Kxf4 Kc5 57. Ke5 1-0

[Event "VIE-chT"]
[Site "Ho Chi Minh City"]
[Date "2019.10.02"]
[Round "9.28"]
[White "Bui, Dang Khoa"]
[Black "Pham, Tran Gia Phuc"]
[Result "1-0"]
[WhiteElo "1903"]
[BlackElo "1645"]
[PlyCount "103"]
[EventDate "2019.09.26"]
[EventType "team-swiss"]
[EventRounds "9"]
[EventCountry "VIE"]
[SourceTitle "EXT 2020"]
[Source "ChessBase"]
[SourceDate "2019.10.17"]
[SourceVersion "1"]
[SourceVersionDate "2019.10.17"]
[SourceQuality "1"]

1. d4 Nf6 2. c4 g6 3. Nf3 Bg7 4. g3 0-0 5. Bg2 d6 6. 0-0 c5 7. d5 Na6 8. Nc3 Nc7 9. Bf4 Bd7 10. a4 b6 11. e4 Nh5 12. Bd2 a6 13. b3 b5 14. axb5 axb5 15. Rxa8 Qxa8 16. e5 Bf5 17. cxb5 Qb7 18. h3 Bd3 19. Re1 c4 20. g4 Nxb5 21. Nxb5 Qxb5 22. bxc4 Bxc4 23. gxh5 dxe5 24. h6 Bf6 25. Nxe5 Bxd5 26. Bxd5 Qxd5 27. Bf4 Qxd1 28. Rxd1 Bxe5 29. Bxe5 f6 30. Bc7 Kf7 31. Kg2 Rc8 32. Ba5 Rc5 33. Bb4 Re5 34. Rd8 g5 35. Rh8 Kg6 36. Rg8+ Kxh6 37. Re8 e6 38. Bc3 Rf5 39. Rxe6 Kg6 40. Kg3 h5 41. f3 h4+ 42. Kf2 Rf4 43. Ke3 Rf5 44. Bd4 Rf4 45. Re4 Rf5 46. f4 Kh5 47. Kf3 gxf4 48. Rxf4 Rd5 49. Bxf6 Rd3+ 50. Kg2 Rd2+ 51. Rf2 Rd3 52. Re2 1-0

[Event "VIE-chT"]
[Site "Ho Chi Minh City"]
[Date "2019.09.29"]
[Round "6.24"]
[White "Luong, Duy Loc"]
[Black "Bui, Dang Khoa"]
[Result "1-0"]
[WhiteElo "1767"]
[BlackElo "1903"]
[PlyCount "55"]
[EventDate "2019.09.26"]
[EventType "team-swiss"]
[EventRounds "9"]
[EventCountry "VIE"]
[SourceTitle "EXT 2020"]
[Source "ChessBase"]
[SourceDate "2019.10.17"]
[SourceVersion "1"]
[SourceVersionDate "2019.10.17"]
[SourceQuality "1"]

1. d4 Nf6 2. c4 g6 3. g3 d5 4. Bg2 Bg7 5. cxd5 Nxd5 6. e4 Nb6 7. Ne2 0-0 8. 0-0 c6 9. Nbc3 Na6 10. a4 Be6 11. a5 Nc4 12. d5 cxd5 13. exd5 Bg4 14. Qb3 Bxe2 15. Nxe2 Nd6 16. Bf4 Nc5 17. Qa3 Rc8 18. Rac1 b6 19. b4 Ncb7 20. a6 Nc4 21. Rxc4 Rxc4 22. axb7 Rxf4 23. Nxf4 Qb8 24. d6 exd6 25. Rc1 g5 26. Nh5 Be5 27. Qa6 Rd8 28. Rc8 1-0

[Event "VIE-chT"]
[Site "Ho Chi Minh City"]
[Date "2019.09.29"]
[Round "5.16"]
[White "Nguyen, Van Toan Thanh"]
[Black "Bui, Dang Khoa"]
[Result "1-0"]
[WhiteElo "2015"]
[BlackElo "1903"]
[PlyCount "72"]
[EventDate "2019.09.26"]
[EventType "team-swiss"]
[EventRounds "9"]
[EventCountry "VIE"]
[SourceTitle "EXT 2020"]
[Source "ChessBase"]
[SourceDate "2019.10.17"]
[SourceVersion "1"]
[SourceVersionDate "2019.10.17"]
[SourceQuality "1"]

1. e4 d6 2. c3 Nf6 3. Bd3 g6 4. Bc2 c5 5. Nf3 Bg7 6. 0-0 0-0 7. d3 Nc6 8. Nbd2 e5 9. Re1 Be6 10. Nf1 d5 11. exd5 Nxd5 12. Ng5 Bf5 13. Ng3 Nf4 14. N5e4 Ne6 15. Bb3 b6 16. Qf3 Bxe4 17. Nxe4 Qd7 18. Nf6+ Bxf6 19. Qxf6 Rfe8 20. Bh6 Qd8 21. Qf3 Qd6 22. Ba4 Ned8 23. Bg5 Rc8 24. Re3 Ne6 25. Bf6 Ng7 26. g4 Re6 27. Bh4 f5 28. Bb3 Rce8 29. Bg5 Kh8 30. Bxe6 Rxe6 31. h3 f4 32. Re2 Ne8 33. Rae1 Qf8 34. Bxf4 Rf6 35. Qg2 Rxf4 36. Qxc6 Ng7 1-0

[Event "VIE-chT"]
[Site "Ho Chi Minh City"]
[Date "2019.09.28"]
[Round "4.25"]
[White "Bui, Dang Khoa"]
[Black "Phan, Luong"]
[Result "1-0"]
[WhiteElo "1903"]
[BlackElo "1793"]
[PlyCount "82"]
[EventDate "2019.09.26"]
[EventType "team-swiss"]
[EventRounds "9"]
[EventCountry "VIE"]
[SourceTitle "EXT 2020"]
[Source "ChessBase"]
[SourceDate "2019.10.17"]
[SourceVersion "1"]
[SourceVersionDate "2019.10.17"]
[SourceQuality "1"]

1. d4 Nf6 2. c4 g6 3. Nf3 Bg7 4. g3 d6 5. Bg2 0-0 6. 0-0 c6 7. Nc3 Qc7 8. e4 e5 9. d5 c5 10. Be3 Nh5 11. Nh4 Qd8 12. a3 Bd7 13. b4 b6 14. Ra2 Qc8 15. Qd3 f5 16. Bg5 Qe8 17. Bh3 f4 18. Bxd7 Qxd7 19. f3 fxg3 20. hxg3 Nxg3 21. Rff2 Na6 22. b5 Nc7 23. Kh2 Nh5 24. Ne2 Bf6 25. Bxf6 Rxf6 26. Ra1 Raf8 27. Raf1 Ne8 28. Qe3 Neg7 29. Ng2 Qf7 30. f4 Nxf4 31. Nexf4 exf4 32. Rxf4 Qe7 33. Rxf6 Rxf6 34. Qg5 Rf7 35. Qxe7 Rxe7 36. Re1 Nf5 37. exf5 Rxe1 38. Nxe1 gxf5 39. Kg3 Kf7 40. Kf4 Kf6 41. Nf3 h6 1-0

[Event "VIE-chT"]
[Site "Ho Chi Minh City"]
[Date "2019.09.27"]
[Round "3.34"]
[White "Bui, Dang Khoa"]
[Black "Le, Nhat Minh"]
[Result "1-0"]
[WhiteElo "1903"]
[BlackElo "1902"]
[PlyCount "77"]
[EventDate "2019.09.26"]
[EventType "team-swiss"]
[EventRounds "9"]
[EventCountry "VIE"]
[SourceTitle "EXT 2020"]
[Source "ChessBase"]
[SourceDate "2019.10.17"]
[SourceVersion "1"]
[SourceVersionDate "2019.10.17"]
[SourceQuality "1"]

1. d4 d5 2. c4 e6 3. Nf3 Nf6 4. g3 Be7 5. Bg2 0-0 6. 0-0 dxc4 7. Ne5 Nbd7 8. Nxc4 Nb6 9. Nxb6 cxb6 10. Nc3 Rb8 11. Bf4 Bd6 12. Bxd6 Qxd6 13. e4 Qe7 14. Qa4 a6 15. Rad1 Bd7 16. Qb3 b5 17. e5 Ne8 18. d5 exd5 19. Nxd5 Qe6 20. Qb4 f6 21. Nf4 Qf7 22. Bd5 Qxd5 23. Rxd5 Bc6 24. Ne6 Rf7 25. Rd8 Rxd8 26. Nxd8 Rd7 27. Nxc6 bxc6 28. e6 Rd8 29. e7 Rc8 30. Qb3+ Kh8 31. Qf7 Nc7 32. Re1 h6 33. Qf8+ Rxf8 34. exf8Q+ Kh7 35. Re7 Ne6 36. Qxf6 Kh8 37. Qxe6 c5 38. Qg6 b4 39. Qxg7# 1-0